000 05804namaa22004211i 4500
003 OSt
005 20260420090136.0
008 250827s2025 ua a|||frm||| 000 0 eng d
040 _aEG-GICUC
_bara
_cEG-GICUC
_dEG-GICUC
_erda
041 0 _aara
_bara
_beng
049 _aإيداع
082 0 4 _a371.94
092 _a371.94
_221
097 _aدكتوراه‎
099 _aCai01.26.03.Ph.D.2025.هن.ف
100 0 _a،هنادي جمعة سعد عبد العزيز
_eإعداد.
245 1 0 _aفاعلية استخدام العلاج الوظيفي لتنمية بعض المهارات قبل الأكاديمية لذوي متلازمه دوان /
_cإعداد هنادي جمعة سعد عبد العزيز؛ إشراف أ.د. هدى مصطفى حماد، أ.د/ هند اسماعيل امبابى.
246 1 5 _aThe efficacy of using occupational therapy to develop some pre-academic skills with down syndrome /
264 0 _c2025.
300 _a207 صفحة :
_bإيضاحيات ؛
_c25 سم. +
_eCD.
336 _atext
_2rda content
337 _aUnmediated
_2rdamedia
338 _avolume
_2rdacarrier
502 _aأطروحة (دكتوراه)-جامعة القاهرة، 2025.
504 _aببليوجرافيا: صفحات 183-194.
520 _aهدف البحث الحالى إلى إعداد برنامج لتنمية بعض المهارات قبل الأكاديمية لذوي متلازمة داون، والتحقق من فاعليه البرنامج القائم على العلاج الوظيفي لدى عينه من ذوي متلازمة داون، والكشف عن مدى استمرارية فاعلية البرنامج بعد الانتهاء من تطبيقه، وخلال فترة المتابعة وتكونت عينة البحث من (20) من اطفال ذوي متلازمة داون ممن حصلوا على درجه منخفضة على مقياس السلوك التكيفي ومقياس المهارات قبل الاكاديمية ممن تتراوح أعمارهم (7-9) سنوات عمر زمنى، و(55-69) درجة ذكاءعمر عقلي، واستخدم البحث المنهج شبه التجريبي (التصميم القبلي -البعدى لمجموعتين إحداهما تجريبية والْاخرى ضابطة)، وطبقت الباحثة عددا من الأدوات هى :مقياس ستانفورد – بينيه للذكاء "الصورة الخامسة" اقتباس وإعداد/ محمود أبو النيل، ومحمد طه، وعبد الموجود عبد السميع (2011)، مقياس فاينلاند للسلوك التكيفي "نسخـة المقابلـة - الصـورة المسحـيـة" تعريب وتقنين/ بنـدر بن نـاصـر العـتيبـي (2004)، مقياس المهارات قبل الأكاديمية لدى الأطفال ذوي متلازمة داون (إعداد/ الباحثة)، استماره دراسة الحالة (إعداد الباحثة)، برنامج قائم على أنشطة العلاج الوظيفي في تنمية المهارات قبل الأكاديمية لدى الأطفال ذوي متلازمة داون (إعداد/ الباحثة)، واْظهرت النتائج فاعلية البرنامج القائم على العلاج الوظيفي لتنمية بعض المهارات قبل الاكاديمية لدى اْطفال متلازمة داون.
520 _aThe aim of the current research is to prepare a program to develop some pre-academic skills for people with Down syndrome, verify the effectiveness of the program based on occupational therapy for a sample of people with Down syndrome, and to reveal the extent of the program’s continued effectiveness after the completion of implementation, and during the follow-up period. The research sample consisted of (20) children with Down syndrome who obtained a low score on the Adaptive Behavior Scale and the Pre-Academic Skills Battery, aged (7-9) years,(55-69). The research used the quasi-experimental approach (pre-post design for two groups, one experimental and the other control). The researcher applied several tools: Stanford-Binet Intelligence Scale, “Fifth Form”, adapted and prepared by Mahmoud Abu al-Nil, Mohamed Taha, and Abd al-Mawgoud Abd al-Samae (2011), Vineland Adaptive Behavior Scales “Interview Version - Survey Form” Translated and Standardized by Bandar Bin Nasser Al-Otaiby (2004), Pre-academic skills battery for children with Down syndrome (prepared by the researcher), case study form (prepared by the researcher), a program based on occupational therapy activities in developing pre-academic skills for children with Down syndrome (prepared by the researcher), The results showed the efficacy of the program based on occupational therapy in developing some pre-academic skills in children with Down syndrome.
530 _aصدر أيضًا كقرص مدمج.
546 _aالنص بالعربية والملخص باللغة الإنجليزية والعربية.
650 7 _a‪اضطراب طيف التوحد عند الأطفال
_2qrmak
653 0 _aالعلاج الوظيفي
_aالمهارات قبل الأكاديمية
_aالْاطفال ذوي متلازمة داون
700 0 _aهدى مصطفي حماد
_eمشرف أطروحة.
700 0 _aهند إسماعيل إمبابي
_eمشرف أطروحة.
900 _b26-02-2025
_cهدى مصطفي حماد
_cهند إسماعيل إمبابي
_dخالد عبدالرازق النجار
_dإيهاب عبد العزيز الببلاوي
_Uجامعة القاهرة
_Fكلية التربية للطفولة المبكرة
_Dقسم رياض الأطفال
905 _aSara
942 _2ddc
_cTH
_e21
_n0
999 _c179595